|
|
|
|
| LEADER |
00000nab a2200000 ar4500 |
| 001 |
vtls009007779 |
| 003 |
SK-MaSNL |
| 005 |
20260303065457.0 |
| 008 |
171110c20070526xo dr|n|||||||000 b|slo |
| 038 |
|
|
|a SLLK
|
| 040 |
|
|
|a SLLK
|b slo
|c sllk
|e AACR2
|
| 041 |
0 |
|
|a slo
|
| 044 |
|
|
|a xo
|c SK
|
| 080 |
|
|
|a 796.332
|2 1997
|
| 100 |
1 |
|
|a Dic, Marián,
|d 1973-
|4 ivr
|4 aut
|9 1022463
|
| 245 |
1 |
0 |
|a Drobňák verí v historický úspech ľubovnianskeho futbalu
|c [zhováral sa] Marián Dic, Peter Drobňák
|
| 300 |
|
|
|b Fotogr.
|
| 610 |
2 |
7 |
|a Mestský futbalový klub Stará Ľubovňa
|2 snkbucl
|9 1031864
|
| 648 |
|
7 |
|a 2007
|2 snkbucl
|9 313226
|
| 650 |
0 |
7 |
|a šport
|2 snkbucl
|9 1042
|
| 650 |
0 |
7 |
|a futbal
|2 snkbucl
|9 3291
|
| 651 |
|
7 |
|a Stará Ľubovňa (Slovensko)
|2 snkbucl
|9 19193
|
| 700 |
1 |
|
|a Drobňák, Peter
|4 ive
|4 aut
|9 1022968
|
| 773 |
0 |
|
|t Tatranský denník Korzár
|g Roč. IX, č. 120 (26. 5.2007) s. 16
|x 1335-7573
|
| 852 |
|
|
|a SLLK
|b KIS3GCP
|
| 999 |
|
|
|c 1751330
|d 1753260
|